| 000 | 01403nam a2200373 a 4500 | ||
|---|---|---|---|
| 003 | BLK | ||
| 005 | 20230725161153.0 | ||
| 008 | 180408b bul|||||r ||||||| ||bul|| | ||
| 010 | _aKNG00054736000 | ||
| 020 | _a954-439-189-4 | ||
| 040 | _aBLK | ||
| 041 |
_aBUL _cBUL |
||
| 080 |
_aБългарска литература _b821.163.2 _x-22 _z821.163.2-22 |
||
| 100 | 1 |
_aКостов, Стефан Лазаров _983131 _d1879 – 1939 _qСтефан Лазаров Костов |
|
| 139 |
_aКостов, Стефан Лазаров _bК 86 |
||
| 245 | 1 | 0 |
_aГолеманов _bКомедия в 3 д. _cСтефан Лазаров Костов; предг. и прил. Сава Василев. |
| 257 | _aBGR | ||
| 260 |
_aВелико Търново _bСлово _c1993 |
||
| 300 |
_a87 с. _c20 см |
||
| 380 | _aX | ||
| 490 |
_aМалка ученическа библиотека _9201165 |
||
| 500 | _aСъдържа и Отзиви за комедията. | ||
| 653 | _aпиеси | ||
| 653 | _aкомедии | ||
| 700 | 1 |
_aВасилев, Сава _eпредг. и прил. _9366026 |
|
| 852 |
_aЦб 173796 _bЦб |
||
| 856 | 4 |
_qpdf _i0.00 _ldisable |
|
| 856 | 4 |
_qpdf _i0.00 _ldisable |
|
| 942 |
_cKNG _n0 _s1 |
||
| 944 |
_aCR _c20.01.2017 _k30556 _lТеодора Пейчева-Дянкова |
||
| 944 |
_aED _c20.01.2017 _kТеодора_Стоянова |
||
| 999 |
_c50844 _d50844 |
||
| 999 | _d50844 | ||
| 999 | _d50844 | ||